Los progresos de la metafísica
Uloženo v:
| Médium: | Kniha |
|---|---|
| Jazyk: | španělština |
| Vydáno: |
Buenos Aires
EUDEBA
1989
|
| Témata: | |
| Tagy: |
Přidat tag
Žádné tagy, Buďte první, kdo vytvoří štítek k tomuto záznamu!
|
MARC
| LEADER | 00000nam a2200000 a 4500 | ||
|---|---|---|---|
| 001 | UCN7566 | ||
| 003 | CL-VaPUC | ||
| 005 | 20220429110517.0 | ||
| 008 | 011018e19890000AG |||||||||||||||||spa|d | ||
| 999 | |c 297810 |d 297808 | ||
| 040 | |c Pontificia Universidad Católica de Valparaíso | ||
| 082 | 0 | 4 | |a 142.3 |b KAN |2 21 |
| 245 | 1 | 4 | |a Los progresos de la metafísica |
| 260 | |a Buenos Aires |b EUDEBA |c 1989 | ||
| 300 | |a 168 p | ||
| 583 | |a last modification |c 20011018 00:00:00 |k Rodrigo Vera | ||
| 650 | 0 | |a Filosofía crítica |9 393212 | |
| 650 | 0 | |a Metafísica |9 265649 | |
| 650 | 7 | |a FILOSOFOS ALEMANES |2 CL-VaPUC |9 463493 | |
| 650 | 0 | |a Filosofía alemana |9 265002 | |
| 852 | |a BIBCUR | ||
| 942 | |c BK |2 ddc | ||
| 945 | |d 20011018 00:00:00 |a crobeson | ||
| 952 | |0 0 |1 0 |4 0 |6 142_300000000000000_KAN_1989 |7 0 |8 A |9 352818 |a BIBEDU |b BIBEDU |d 2019-11-21 |i 3763781 |l 1 |o 142.3 KAN 1989 |p 3763781 |r 2022-07-25 |s 2022-06-22 |w 2019-11-21 |y BK |k FIL | ||